|
|
|
|
| LEADER |
00000nam0a2200000 4500 |
| 001 |
282365 |
| 005 |
20231031233042.0 |
| 020 |
|
|
|a RU
|b 84-71458
|
| 035 |
|
|
|a (RuTPU)RU\TPU\book\306250
|
| 090 |
|
|
|a 282365
|
| 100 |
|
|
|a 20150130d1984 k y0rusy5003 ca
|
| 101 |
0 |
|
|a rus
|
| 102 |
|
|
|a RU
|
| 105 |
|
|
|a a z 001zy
|
| 200 |
1 |
|
|a Исследование и производство железобетонных напорных и безнапорных труб
|e сборник научных трудов
|f Научно-исследовательский институт бетона и железобетона (НИИЖБ) ; под ред. А. Л. Ционского
|
| 210 |
|
|
|a Москва
|c Изд-во НИИЖБ
|d 1984
|
| 215 |
|
|
|a 105 с.
|c ил.
|
| 606 |
1 |
|
|a Трубы железобетонные
|x Производство
|2 stltpush
|3 (RuTPU)RU\TPU\subj\35771
|
| 610 |
1 |
|
|a напорные трубы
|
| 610 |
1 |
|
|a исследование
|
| 610 |
1 |
|
|a безнапорные трубы
|
| 610 |
1 |
|
|a изготовление
|
| 610 |
1 |
|
|a технология
|
| 610 |
1 |
|
|a конструкции
|
| 610 |
1 |
|
|a виброгидропрессование
|
| 610 |
1 |
|
|a защитные слои
|
| 610 |
1 |
|
|a напряженное состояние
|
| 610 |
1 |
|
|a пластифицированные бетонные смеси
|
| 675 |
|
|
|a 666.982-4
|z rus
|v 4
|
| 702 |
|
1 |
|a Ционский
|b А. Л.
|g Александр Львович
|4 340
|
| 712 |
0 |
2 |
|a Научно-исследовательский институт бетона и железобетона (НИИЖБ)
|2 stltpush
|3 (RuTPU)RU\TPU\col\20214
|
| 801 |
|
0 |
|a RU
|b RuMRKP
|c 19950704
|g psbo
|
| 801 |
|
1 |
|a RU
|b 63413507
|c 20150130
|
| 801 |
|
2 |
|a RU
|b 63413507
|c 20170626
|g RCR
|
| 942 |
|
|
|c BK
|